000 00570nam a22001937a 4500
008 230406b |||||||| |||| 00| 0 eng d
020 _a81-7033-199-5
040 _aNational Science Library
_cNational Science Library
080 _a338.924(540)
_bN3
245 _aPerspectives on industrial development in India
260 _aNew Delhi:
_bRawat Publications,
_c1993
300 _axix, 228p.
365 _b325.00
_cINR
650 _aEconomics
653 _aIndustrial development
700 _aSinha, N K P (Ed.)
700 _aSingh, M B (Ed.)
942 _2udc
_cBK
999 _c19479
_d19479